Online Catalogue and eLibrary

Cultural politics in the Third World / (Record no. 392)

MARC details
000 -LEADER
fixed length control field 00490cam a22001814a 4500
001 - CONTROL NUMBER
control field 1684907
005 - DATE AND TIME OF LATEST TRANSACTION
control field 20240214060433.0
008 - FIXED-LENGTH DATA ELEMENTS--GENERAL INFORMATION
fixed length control field 990114s1999 enka b 001 0 eng
020 ## - INTERNATIONAL STANDARD BOOK NUMBER
ISBN 1857282655 (PB)
040 ## - CATALOGING SOURCE (பட்டியலாக்க மூலம்)
Original cataloging agency DLC
Transcribing agency DLC
Modifying agency DLC
082 00 - DDC Classification
Class No. 320.
DDC Edition Number 21
Item Number - Author Mark MEH.
100 1# - MAIN ENTRY--PERSONAL NAME
Personal name Kamrava, Mehran,
245 10 - TITLE STATEMENT
Title Cultural politics in the Third World /
Statement of responsibility, etc. Mehran Kamrava.
260 ## - PUBLICATION, DISTRIBUTION, ETC.
Place of publication, distribution, etc. London ;
-- New York :
Name of publisher, distributor, etc. UCL Press,
Date of publication, distribution, etc. 1999.
300 ## - PHYSICAL DESCRIPTION
Extent (e.g. Volumes, Pages etc.) viii, 182 p. :
650 #0 - SUBJECT ADDED ENTRY--TOPICAL TERM
Topical term or geographic name entry element Political culture
942 ## - Koha item type (Biblio)
Koha item type Books in Stacks (Lending)
Holdings
Lost status Damaged status Collection code Home library Current library Date acquired Full call number Accession Number Item type
    Lending WERC Library WERC Library 02/14/2024 320. MEH. 2917 Books in Stacks (Lending)

© WERC Library